Wszyscy rywale Polski w historii Ligi Narodów - Statystyki

Ogólne statystyki
  • Ten quiz został rozwiązany 207 razy
  • Średni wynik to 10 z 11
Statystyki odpowiedzi
Hint Odpowiedź % Poprawnych
2024/25 Portugalia
100%
2018/19 Portugalia
100%
2024/25 Szkocja
97%
2024/25 Chorwacja
95%
2022/23 Holandia
91%
2020/21 Holandia
91%
2020/21 Włochy
87%
2018/19 Włochy
87%
2022/23 Belgia
84%
2022/23 Walia
78%
2020/21 Bośnia i Hercegowina
70%
Nie znaleziono quizów pasujących do podanych kryteriów
Rozkład punktacji
Procent ludzi z każdym wynikiem
Percentyl według liczby udzielonych odpowiedzi
Twoja historia wyników
Nie rozwiązałeś tego quizu